|
|
|
|
| LEADER |
00000nbm0a2200000 4500 |
| 001 |
307324 |
| 005 |
20231102002001.0 |
| 035 |
|
|
|a (RuTPU)RU\TPU\book\332617
|
| 035 |
|
|
|a RU\TPU\book\332616
|
| 090 |
|
|
|a 307324
|
| 100 |
|
|
|a 20151019j20151016k y0rusy50 ca
|
| 101 |
0 |
|
|a rus
|
| 102 |
|
|
|a RU
|
| 105 |
|
|
|a a m 001zy
|
| 200 |
1 |
|
|a Физико-химические закономерности получения силикатных расплавов в низкотемпературной плазме и материалов на их основе
|e диссертация на соискание ученой степени доктора технических наук
|e спец. 05.17.11
|f О. Г. Волокитин
|g Томский государственный архитектурно-строительный университет (ТГАСУ) ; Национальный исследовательский Томский политехнический университет (ТПУ) ; науч. конс. Н. К. Скрипникова
|
| 210 |
|
|
|a Томск
|c [Б. и.]
|d 2015
|
| 215 |
|
|
|a 286 л.
|c ил.
|
| 300 |
|
|
|a Защищена 16.10.2015 г.
|
| 320 |
|
|
|a Библиогр.: с. 262-286 (252 назв.).
|
| 452 |
|
1 |
|0 (RuTPU)RU\TPU\book\343803
|t Физико-химические закономерности получения силикатных расплавов в низкотемпературной плазме и материалов на их основе
|o диссертация на соискание ученой степени доктора технических наук
|o спец. 05.17.11
|f О. Г. Волокитин
|g Томский государственный архитектурно-строительный университет (ТГАСУ) ; науч. конс. Н. К. Скрипникова
|c Томск
|n Б. и.
|d 2015
|a Волокитин, Олег Геннадьевич
|
| 606 |
1 |
|
|a Силикатные изделия
|x Производство
|2 stltpush
|3 (RuTPU)RU\TPU\subj\34471
|9 56409
|
| 610 |
1 |
|
|a силикатные расплавы
|
| 610 |
1 |
|
|a получение
|
| 610 |
1 |
|
|a силикатсодержащие сырьевые материалы
|
| 610 |
1 |
|
|a плазмохимическое травление
|
| 610 |
1 |
|
|a моделирование
|
| 610 |
1 |
|
|a плазменная технология
|
| 610 |
1 |
|
|a силикатные системы
|
| 610 |
1 |
|
|a высокотемпературные процессы
|
| 610 |
1 |
|
|a низкотемпературная плазма
|
| 610 |
1 |
|
|a силикатные материалы
|
| 610 |
1 |
|
|a диссертации
|
| 610 |
1 |
|
|a труды учёных ТПУ
|
| 675 |
|
|
|a 666(04)
|v 3
|
| 686 |
|
|
|a 05.17.11
|2 oksvnk
|
| 700 |
|
1 |
|a Волокитин
|b О. Г.
|g Олег Геннадьевич
|
| 702 |
|
1 |
|a Скрипникова
|b Н. К.
|g Нелли Карповна
|4 695
|
| 712 |
0 |
2 |
|a Томский государственный архитектурно-строительный университет (ТГАСУ)
|c (1997- )
|2 stltpush
|3 (RuTPU)RU\TPU\col\3
|
| 712 |
0 |
2 |
|a Национальный исследовательский Томский политехнический университет (ТПУ)
|c (2009- )
|2 stltpush
|3 (RuTPU)RU\TPU\col\15902
|
| 801 |
|
1 |
|a RU
|b 63413507
|c 20151019
|
| 801 |
|
2 |
|a RU
|b 63413507
|c 20160425
|g RCR
|
| 942 |
|
|
|c BK
|